1866 1649 1145 1192 1427 1725 1442 1754 1413 1896 1041 1577 1328 1230 1377 1759 1806 1972 1422 1272 1859 1900 1528 1664 1224 1912 1960 1933 1298 1679 1459 1918 1845 1216 1053 1116 1486 1213 1669 1957 1438 1159 1356 1686 1255 1329 1803 1980 1136 1915 1685 1103 1046 1186 1194 1608 1010 1029 1860 1019 1080 1830 1595 1529 1005 1923 1474 1862 1342 1235 1190 1169 1610 1567 1915 1585 1936 1877 1223 1263 1850 1919 1210 1844 1828 1089 1922 1219 1457 1001 1374 1365 2000 1841 1648 1451 1288 1822 1149 BCNSPRNW ULIB Ver.6.0+V

เปลี่ยนเป็นภาษาไทย

Change to English
 แสดงรายละเอียดบรรณานุกรม
  กลับหน้าหลัก

Brief Record : Get Marc (ISO 2709) : E-mail record : QR code < ปิดหน้าต่าง
LEADER : 00000nam 2200000uu 4500
001    13399113419
003     ULIB
008    111114s2552||||th 000 0 tha d
020    ^a9789749922934
060 04 ^aW62^bช551ค 2552
245 00 ^aคู่มือทักษะการสื่อสารสำหรับแพทย์ประจำบ้านและนักเรียนแพทย์/^cศูนย์ฝึกอบรมทักษะการสื่อสาร ฝ่ายกุมารเวชศาสตร์ โรงพยาบาลจุฬาลงกรณ์ ; บรรณาธิการ, ชิษณุ พันธุ์เจริญ, จรุงจิตร์ งามไพบูลย์
246 14 ^aทักษะการสื่อสารสำหรับแพทย์ประจำบ้านและนักเรียนแพทย์ :^bฉบับพกพา
246 30 ^aทักษะการสื่อสารสำหรับแพทย์ประจำบ้านและนักเรียนแพทย์
250    ^aพิมพ์ครั้งที่ 1
260    ^aกรุงเทพฯ :^bธนาเพรส,^c2552
300    ^a150 หน้า ;^c19 ซม.
650  7 ^aการสื่อสารทางการแพทย์^vคู่มือ
650  7 ^aการสื่อสารทางการศึกษา^vคู่มือ
700 0  ^aชิษณุ พันธุ์เจริญ,^eบรรณาธิการ
700 0  ^aจรุงจิตร์ งามไพบูลย์,^eบรรณาธิการ
710 2  ^aโรงพยาบาลจุฬาลงกรณ์. ^bฝ่ายกุมารเวชศาสตร์.^bศูนย์ฝึกอบรมทักษะการสื่อสาร
945    ^p90^l0^i16098
945    ^p90^l0^i16099
995    ^aกัณชพร
999    ^aใช้งานได้ทุกระบบ
รายการนี้ยังไม่มีแท็ก
คุณยังไม่ได้ล็อกอิน คุณสามารถมีกิจกรรมร่วมกับเว็บไซต์ได้ แต่ต้องล็อกอินก่อน ::
  ล็อกอิน

รายการสื่อสารสนเทศ

ลำดับที่ ประเภท เลขเรียก/บาร์โค้ด สถานที่ สถานะ
- ไม่พบข้อมูล -

BibComment


ยังไม่เคยถูกคอมเมนท์

คอมเมนท์ทรัพยากรรายการนี้
  คอมเมนท์: คู่มือทักษะการสื..


 Copyright 2026. Bcnsprnw @Library